POKET MEDICAL DICTIONARY (Record no. 1846)

MARC details
000 -LEADER
fixed length control field 00315nam a2200133Ia 4500
008 - FIXED-LENGTH DATA ELEMENTS--GENERAL INFORMATION
fixed length control field 150201s1987 xx 000 0 und d
082 ## - DEWEY DECIMAL CLASSIFICATION NUMBER
Classification number 610.03
Item number M87C
100 ## - MAIN ENTRY--PERSONAL NAME
Personal name CHIN
245 ## - TITLE STATEMENT
Title POKET MEDICAL DICTIONARY
260 ## - PUBLICATION, DISTRIBUTION, ETC. (IMPRINT)
Name of publisher, distributor, etc. CHURCHILL
Place of publication, distribution, etc. LIVINGTONE
Date of publication, distribution, etc. 1987
300 ## - PHYSICAL DESCRIPTION
Extent 380
650 ## - SUBJECT ADDED ENTRY--TOPICAL TERM
Topical term or geographic name as entry element DICTIONARY
942 ## - ADDED ENTRY ELEMENTS (KOHA)
Source of classification or shelving scheme Dewey Decimal Classification
Koha item type Books
Koha issues (borrowed), all copies 1
Holdings
Withdrawn status Lost status Source of classification or shelving scheme Damaged status Not for loan Collection code Home library Current library Shelving location Date acquired Source of acquisition Cost, normal purchase price SGTU Total Checkouts Full call number Barcode Date last seen Bill Date Koha item type Date last checked out
    Dewey Decimal Classification     NURSING SGT Medical Library SGT Engineering Library Dictionary 09/02/2015 UBS DELHI 250.00 SGTU 2 610.03 M87C FN25 04/02/2025 09/02/2015 Books 04/02/2025
    Dewey Decimal Classification     NURSING SGT Medical Library SGT Medical Library Dictionary 09/02/2015 UBS DELHI 250.00 SGTU   610.03 M87C FN22 09/02/2015 09/02/2015 Books  
    Dewey Decimal Classification     NURSING SGT Medical Library SGT Medical Library Dictionary 09/02/2015 UBS DELHI 250.00 SGTU   610.03 M87C FN23 08/04/2017 09/02/2015 Books  
    Dewey Decimal Classification     NURSING SGT Medical Library SGT Medical Library Dictionary 09/02/2015 UBS DELHI 250.00 SGTU   610.03 M87C FN24 09/02/2015 09/02/2015 Books